000 00773nam a2200205Ia 4500
003 IN-BaIIA
008 211028s9999 xx 000 0 eng d
020 _a963-372-109-1
040 _cIIA Library
080 _a523.64(063)
_bCOM-II
111 _aInternational Conference on Cometary Exploration
_cBudapest, Hungary
_d1982 Nov. 15-19
_915801
245 0 _aCometary exploration II
_bproceedings of the international conference on cometary exploration, held in Budapest, Hungary, 15-19 Nov 1982
_cedited by Tamas I. Gombosi
260 _aHungary
_bHungarian Academy of Sciences
_c1982
300 _av, 234p.
650 _aAstronomy and astrophysics thesaurus
650 _aComets
_9755
650 _aPeriodic comets
700 _aGombosi, Tamas I., ed.
_915802
942 _cBK
999 _c9385
_d9385